00265 a2200133 4500001000700000020001800007040001100025100001600036240003000052245002500082300000700107362000900114440000800123183484 a85-322-1756-7 cMagnum aRocha, Ruth10aQuando eu for grandelpor10aQuando eu for grande a220 a1999 1aFTD